Central Library OPAC University of Rajshahi

Towards a new social work / (Record no. 5308)

MARC details
000 -LEADER
fixed length control field 00860cam a2200289 i 4500
001 - CONTROL NUMBER
control field 5308
003 - CONTROL NUMBER IDENTIFIER
rucl marc code BD-RjUL
005 - DATE AND TIME OF LATEST TRANSACTION
control field 20211208234039.0
008 - FIXED-LENGTH DATA ELEMENTS--GENERAL INFORMATION
fixed length control field 131224s1975 enk b 000 0 eng
020 ## - INTERNATIONAL STANDARD BOOK NUMBER
International Standard Book Number 071008045X
International Standard Book Number 0710080468 (pbk.)
035 ## - SYSTEM CONTROL NUMBER
System control number (BD-RjUL)5344
040 ## - CATALOGING SOURCE
Original cataloging agency DLC
Transcribing agency DLC
Modifying agency DLC
-- BD-RjUL
Language of cataloging eng
041 ## - LANGUAGE CODE
Language code of text/sound track or separate title eng
082 00 - DEWEY DECIMAL CLASSIFICATION NUMBER
Classification number 361.941
Author mark and year TOW 1975
245 00 - TITLE STATEMENT
Title Towards a new social work /
Statement of responsibility, etc. edited by Howard Jones.
260 ## - PUBLICATION, DISTRIBUTION, ETC. (IMPRINT)
Place of publication, distribution, etc. London ;
-- Boston :
Name of publisher, distributor, etc. Routledge and Kegan Paul,
Date of publication, distribution, etc. 1975.
300 ## - PHYSICAL DESCRIPTION
Pagination viii, 176 p. ;
Size 23 cm.
490 0# - SERIES STATEMENT
Series statement Library of social work
504 ## - BIBLIOGRAPHY, ETC. NOTE
Bibliography, etc Includes bibliographical references.
650 #0 - SUBJECT ADDED ENTRY--TOPICAL TERM
Topical term or geographic name as entry element Social service
General subdivision Vocational guidance.
9 (RLIN) 16693
Topical term or geographic name as entry element Social service.
9 (RLIN) 16694
700 1# - ADDED ENTRY--PERSONAL NAME
Personal name Jones, Howard,
Dates associated with a name 1918-2007.
942 ## - ADDED ENTRY ELEMENTS (KOHA)
Source of classification or shelving scheme Dewey Decimal Classification
Koha item type Books
Holdings
Lost status Source of classification or shelving scheme Damaged status Not for loan Collection code Permanent Location Current Location Shelving location Date acquired Source of acquisition Cost, normal purchase price Total Checkouts Full call number Date last seen Copy number Koha item type
  Dewey Decimal Classification     Non-fiction Central Library, University of Rajshahi Central Library, University of Rajshahi   26/07/1979 Heffers 1.95   361.941 TOW 1975 24/12/2013 C-3 Books
  Dewey Decimal Classification     Non-fiction Central Library, University of Rajshahi Central Library, University of Rajshahi   30/10/1978 Heffer, London 1.95   361.941 TOW 1975 21/08/2016 C-2 Books
  Dewey Decimal Classification     Non-fiction Central Library, University of Rajshahi Central Library, University of Rajshahi   30/10/1978 Heffer, London 1.95   361.941 TOW 1975 21/08/2016 C-4 Books
  Dewey Decimal Classification     Non-fiction Central Library, University of Rajshahi Central Library, University of Rajshahi   30/10/1978 Heffer, London 1.95   361.941 TOW 1975 21/08/2016 C-5 Books
  Dewey Decimal Classification     Non-fiction Central Library, University of Rajshahi Central Library, University of Rajshahi   05/01/1981 Heffor 1.95   361.941 TOW 1975 23/08/2016 C-6 Books
  Dewey Decimal Classification     Non-fiction Central Library, University of Rajshahi Central Library, University of Rajshahi   05/01/1981 Heffor 1.95   361.941 TOW 1975 23/08/2016 C-7 Books
  Dewey Decimal Classification     Non-fiction Central Library, University of Rajshahi Central Library, University of Rajshahi   30/10/1978 Heffer & sons 1.90   361.941 TOW 1975 29/10/2016 C-8 Books